=LDR 00000nam 2200000 4500 =001 INLIS000000000005609 =005 20130612093835 =008 ***********************************Ind** =035 ##$$0010-061300000005609 =041 ##$$a Ind =082 ##$$a 133.32 =090 ##$$a 133.32, Alm m =100 ##$$a Almond, Jocelyn =245 ##$$a Mengungkap misteri tarot, Jocelyn Almond =260 ##$$a 1996 $b Jakarta =300 ##$$a xiii, 128 hlm., ilus, 21 cm =650 ##$$a Meramal dengan kartu =700 ##$$a Seddon, Keith